000 00324nam a22001457a 4500
008 221229b ||||| |||| 00| 0 eng d
020 _a0875530788
041 _aeng
080 _2FOURTEENTH EDITION
_a575
082 _a575RAN
100 _a13
101 _aBIO
245 _aSTANDARD METHODS
_cRAND C M
942 _2udc
_cBK
999 _c59230
_d59230